000 00265nam a22001217a 4500
008 170503b xxu||||| |||| 00| 0 eng d
041 _aeng
080 _a342
100 _a14
101 _aSHJ
245 _aLAW OF DOMESTIC RELATIONS
_cCLARK, H.H
942 _2udc
_cBK
999 _c12499
_d12499